| 000 | 00428nam a2200157Ia 4500 | ||
|---|---|---|---|
| 008 | 230312s9999||||xx |||||||||||||| ||und|| | ||
| 020 | _a0-323-03989-5 | ||
| 082 |
_a613.7 _bNEU-K |
||
| 100 | _aNeumann;Donald.A | ||
| 245 | 0 | _aKinesiology of the Musculoskletal System | |
| 260 |
_bMosby Elsvier _aUSA _c2010 |
||
| 300 | _a725 | ||
| 546 | _aEng. | ||
| 650 |
_aPhysiotherapy _vKinesiology of the Musculoskletal System |
||
| 942 | _cBK | ||
| 999 |
_c9719 _d9719 |
||